Subdivisions of China under the Tang Empire with a Map - Statistics

General Stats
  • This quiz has been taken 490 times
  • The average score is 6 of 38
Answers on the Map
Answers color-coded by a green-red scale on the quiz's map according to % correct below.
 
Answer Stats
Subdivisions % Correct
Huainan
50%
Hebei
45%
Kabul
40%
Henan
36%
Anxi
28%
Yanran
25%
Xiongjin
23%
Chach
21%
Ghor
19%
Bukhara
18%
Jiangnan
18%
Lingnan
18%
Guanzhong
16%
Hedong
16%
Shannan
16%
Balkh
14%
Jiannan
14%
Longyou
14%
Ferghana
13%
Khwarazm
11%
Sogd
11%
Tuyuhun
9%
Badakhshan
7%
Bamiyan
7%
Dongyi
7%
Mengchi
7%
Zabul
7%
Kunling
6%
Chaghaniyan
5%
Gharchistan
5%
Guzgan
5%
Kaikanan
5%
Khuttal
5%
Kish
5%
Kobadiyan
5%
Mandesh
5%
Osrushana
5%
Rawsharan
5%
No matching quizzes found
Score Distribution
Percent of People with Each Score
Percentile by Number Answered
Your Score History
You have not taken this quiz